Quentin Tarantino Filme - Statistiken

Allgemein
  • Dieses Quiz wurde 470 mal gespielt
  • Das Durchschnittsergebnis liegt bei 7 aus 10
Antwortstatistiken
Erscheinungsjahr Film % Korrekt
1994 Pulp Fiction
93%
2012 Django Unchained
82%
2004 Kill Bill – Volume 2
79%
2003 Kill Bill – Volume 1
78%
2019 Once Upon a Time in Hollywood
76%
1992 Reservoir Dogs – Wilde Hunde
64%
2015 The Hateful Eight
64%
2009 Inglourious Basterds
59%
1997 Jackie Brown
53%
2007 Death Proof – Todsicher
41%
Keine übereinstimmenden Quizze gefunden
Verteilung der Resultate
Anzahl Personen mit jedem Resultat
Perzentil nach korrekt beantworteten Fragen
Ihre Resultats-Entwicklung
Sie haben dieses Quiz noch nicht gespielt